Trends in adoption of planting materials in the rubber smallholdings sector in India (Record no. 48383)

MARC details
000 -LEADER
fixed length control field 00653nam a2200157Ia 4500
100 ## - MAIN ENTRY--AUTHOR NAME
Personal name Veeraputhran S.
245 #0 - TITLE STATEMENT
Title Trends in adoption of planting materials in the rubber smallholdings sector in India
260 ## - PUBLICATION, DISTRIBUTION, ETC. (IMPRINT)
Name of publisher In: Developments in plantation crops research: Placrosym XII, 27-29 November 1996, Kottayam, India. (Eds. N.M. Mathew and C. Kuruvilla Jacob). Allied Publishers, New Delhi, India, pp. 324-327.
Year of publication 1998
650 ## - SUBJECT ADDED ENTRY--TOPICAL TERM
Topical Term Planting material adoption
650 ## - SUBJECT ADDED ENTRY--TOPICAL TERM
Topical Term Rubber plantation industry
650 ## - SUBJECT ADDED ENTRY--TOPICAL TERM
Topical Term Smallholdings
700 ## - ADDED ENTRY--PERSONAL NAME
Personal name Joseph T.[a]
700 ## - ADDED ENTRY--PERSONAL NAME
Personal name Viswanathan P.K.
942 ## - ADDED ENTRY ELEMENTS (KOHA)
Koha item type Bibliography STAF
Holdings
Withdrawn status Lost status Damaged status Not for loan Home library Current library Shelving location Date acquired Koha item type
      Bibliography RRII Library RRII Library Agricultural economics 09/04/2014 Bibliography STAF